000 00489nam a2200193Ia 4500
003 IT-RoPAU
005 20220918175350.0
008 120407s9999 xx 000 0 und d
040 _aIT-RoPAU
040 _cIT-RoPAU
100 _aE. Malinsky
_934199
245 _aLa guerra occulta. Armi e fasi dell'attacco ebraico-massonico alla tradizione europea
250 _aMilano
260 _aHoepli
300 _c cm
490 _v1
700 _aL. De Poncins
_934200
942 _cBK
_2ddc
999 _c6821
_d6821